• 首页
  • 本馆介绍
  • 公告通知
  • 最新文献
  • 馆藏检索
  • 电子资源
  • 读者导购
  • 参考咨询
  • 我的图书馆
  • 登录
  • 详细信息显示
  • 放入我的书架
  • 预约/预借图书
  • 作者相关作品
  • 分类相关作品
  • 丛书相关作品
  • 出版社相关作品

书目信息

  • 表格格式
  • 工作单格式
  • 卡片格式
题名:
闻香法兰西
    
 
作者: 杨白劳 著
分册:  
出版信息: 北京   现代出版社  2016
页数: 354页
开本: 24cm
丛书名:
单 册:
中图分类: K565.07
科图分类:
主题词: 历史--研究--法国
电子资源:
ISBN: 978-7-5143-4245-1
000 00898nam0 2200241 450
001 012001000844
005 20140920091302.0
010    @a978-7-5143-4245-1@dCNY49.80
100    @a20160112d2016 em y0chiy50 ea
101 0  @achi
102    @aCN@b110000
105    @ay z 000yy
106    @ar
200 1  @a闻香法兰西@9Wen Xiang Fa Lan Xi@b专著@f杨白劳[著]
210    @a北京@c现代出版社@d2016
215    @a354页@d24cm
300    @a世界历史有一套
330    @a这是一部精彩的法国通俗史。本书从史前法国讲起,纵览从古代到现代的法国历史进程。笔墨重点在介绍法国从王朝到共和国、帝国和共和国的演变历程,从中能够读到法国有史以来政治变迁的大脉络,更能通过一个个人物和事件的讲述具体而微地了解法国历史每一重大阶段的发生、发展与影响。
606 0  @a历史@x研究@y法国
690    @aK565.07@v5
701  0 @a杨白劳@9Yang Bai Lao@4著
801  0 @aCN@b上海新华@c20180901
905    @b1042360-64@dK565.07@e60@f5
    
    闻香法兰西/杨白劳[著].-北京:现代出版社,2016
    354页;24cm
    世界历史有一套
    
    ISBN 978-7-5143-4245-1:CNY49.80
    这是一部精彩的法国通俗史。本书从史前法国讲起,纵览从古代到现代的法国历史进程。笔墨重点在介绍法国从王朝到共和国、帝国和共和国的演变历程,从中能够读到法国有史以来政治变迁的大脉络,更能通过一个个人物和事件的讲述具体而微地了解法国历史每一重大阶段的发生、发展与影响。
●
相关链接 在E读中查询图书 在五车中查询图书 在当当中查询图书 在豆瓣中查询图书


正题名:闻香法兰西     索取号:K565.07/60         预约/预借

序号 登录号 条形码 馆藏地/架位号 状态 备注
1 1042360   210423601   第二样本阅览室/ [索取号:K565.07/60] 在馆    
2 1042361   210423610   第二借阅区/ [索取号:K565.07/60] 在馆    
3 1042362   210423629   第二借阅区/ [索取号:K565.07/60] 在馆    
4 1042363   210423638   第二借阅区/ [索取号:K565.07/60] 在馆    
5 1042364   210423647   资源管理系资料室/ [索取号:K565.07/60] 在馆    
唐山师范学院图书馆 欢迎您!
大连网信软件有限公司© 版权所有